|
|
|
|
| LEADER |
00000nab a2200000 a 4500 |
| 001 |
vtls000347016 |
| 003 |
SK-MaSNL |
| 005 |
20260302231001.0 |
| 008 |
160215c1989 xo 0 slo |
| 015 |
|
|
|a SNBRB19rr/mm-uuuuu
|
| 035 |
|
|
|a CL0347138
|
| 040 |
|
|
|a SNKBUCL
|b slo
|c SNKBUCL
|e AACR2
|
| 041 |
0 |
|
|a slo
|
| 044 |
|
|
|a xo
|c SK
|
| 080 |
|
|
|a 738.071.1
|2 1981
|
| 080 |
|
|
|a 929 Rosůlková-Kubíková, Dagmar
|2 1981
|
| 100 |
1 |
|
|a Oriško, Štefan,
|d 1951-
|4 aut
|9 156718
|
| 245 |
1 |
0 |
|a Zakladateľka modernej keramiky
|b K životnému jubileu Dagmar Rosůlkovej
|c Štefan Oriško ; Dagmar Rosůlková-Kubíková
|
| 300 |
|
|
|b Obr. 1.
|
| 600 |
1 |
7 |
|a Rosůlková-Kubíková, Mária Dagmar,
|d 1909-1998
|2 snkbucl
|9 206162
|
| 655 |
|
7 |
|a články z novín a časopisov
|2 snkbucl
|9 267496
|
| 773 |
0 |
|
|t Pravda
|g Roč. 70, č. 70 (23. 3. 1989), s. 5
|
| 850 |
|
|
|a Slovenská národná knižnica v Martine
|a MTA001
|
| 852 |
|
|
|a SNK
|b KIS3GCP
|
| 958 |
|
|
|a BX
|
| 958 |
|
|
|a RK
|
| 992 |
|
|
|a RBX
|
| 999 |
|
|
|c 1536449
|d 1538379
|